Sanat: Apulanta - Mitä kuuluu - Statistics

Yleistilastot
  • Tätä visaa on pelattu 21 kertaa
  • Keskiarvotulos 84 / 116
Vastaustilastot
Vastaus % Oikein
Hei
100%
hei
100%
kuulu
100%
kuuluu
100%
mitä
100%
100%
100%
et
94%
Kun
94%
kun
94%
miltä
94%
musta
94%
on
94%
tiedä
94%
tuntuu
94%
kaikki
89%
ok
89%
puhuu
89%
sun
89%
hyvä
83%
ja
83%
kysyt
83%
No
83%
67%
67%
kadulla
56%
en
50%
jonnekin
50%
matkalla
50%
näin
50%
sut
50%
tai
50%
jossakin
44%
niin
44%
sua
44%
Telkkarissa
44%
vain
44%
hauskaa
39%
iloinen
39%
käsikkäin
39%
kuin
39%
kulkee
39%
Minnekään
39%
Onnelliset
39%
oon
39%
Aina
33%
Ainakin
33%
eksyksiin
33%
hymyillen
33%
joudun
33%
kutsuu
33%
luulen
33%
Moni
33%
oottaen
33%
paikka
33%
seinälleni
33%
joka
28%
Kaisulla
28%
Katsot
28%
Maalasin
28%
mielisairaaseen
28%
minuunpäin
28%
paikkaan
28%
puolimatkassa
28%
alas
22%
Ehtoja vastaavia visoja ei löytynyt
Tulosjakauma
Jokaisen tuloksen saaneiden osuus
Persentiili vastausten määrän mukaan
Tuloshistoriasi
Et ole pelannut tätä visaa